000 00610nam a2200253Ia 4500
003 OSt
005 20220912152034.0
006 a|||||r|||| 00| 0
007 ta
008 220909b |||||||| |||| 00| 0 eng d
024 _a61352
037 _cTextual
040 _aCSL
_beng
_cCSL
041 _aeng
082 _aB, H8
100 _aWhitehead A N
245 0 _aIntroduction to mathematics
260 _c1948
300 _ap.
_ccm.
490 _aHome university library of modern knowledge; 18
650 _aMaths
942 _hB, H8
_cTEXL
_2CC
999 _c79550
_d79550